| 000 | 00000nam 2200000zi 4500 |
| 001 | 9.816458 |
| 003 | CaOODSP |
| 005 | 20221107142245 |
| 006 | m o d f |
| 007 | cr cn||||||||| |
| 008 | 160503t20142014pic ob f000 0 eng d |
| 020 | |a9780660053141 |
| 040 | |aCaOODSP|beng|erda|cCaOODSP |
| 043 | |an-cn--- |
| 086 | 1 |aV32-267/2016E-PDF |
| 100 | 1 |aMaclean, Mary Beth, |eauthor. |
| 245 | 10|aLow income lines and financial security in retirement : |bin support of the New Veterans Charter review / |cMary Beth MacLean, Teresa Pound, Cheryl Dalziel, Stewart Macintosh. |
| 264 | 1|aCharlottetown PE Canada : |bVeterans Affairs Canada = Anciens combattants Canada, |c2014. |
| 264 | 4|c©2014 |
| 300 | |a1 online resource (11 pages). |
| 336 | |atext|2rdacontent |
| 337 | |acomputer|2rdamedia |
| 338 | |aonline resource|2rdacarrier |
| 490 | 1 |aResearch Directorate data report |
| 500 | |aIssued also in French under title: Lignes de faible revenu et sécurité financière à la retraite : document d'appui à l'examen de la Nouvelle Charte des anciens combattants. |
| 500 | |aCover title. |
| 500 | |a"November 14, 2014." |
| 504 | |aIncludes bibliographical references (pages 10-11). |
| 692 | 07|2gccst|aVeterans |
| 692 | 07|2gccst|aEconomic conditions |
| 700 | 1 |aPound, Teresa, |eauthor. |
| 700 | 1 |aDalziel, Cheryl, |eauthor. |
| 700 | 1 |aMacintosh, Kenneth, |eauthor. |
| 710 | 1 |aCanada. |bVeterans Affairs Canada. |bResearch Directorate. |
| 775 | 08|tLignes de faible revenu et sécurité financière à la retraite : |w(CaOODSP)9.816459 |
| 830 | #0|aData report (Canada. Veterans Affairs Canada. Research Directorate)|w(CaOODSP)9.879708 |
| 856 | 40|qPDF|s174 KB|uhttps://publications.gc.ca/collections/collection_2016/acc-vac/V32-267-2016-eng.pdf |